| 000 | 01085naa a2200217 4500 | ||
|---|---|---|---|
| 001 | 2162214035925088 | ||
| 003 | UA-OsUOA | ||
| 005 | 20240628093325.0 | ||
| 008 | 240628b un ||||| |||| 00| 0 ukr d | ||
| 040 |
_aUA-OsUOA _bukr _cUA-OsUOA _dUA-OsUOA |
||
| 041 | _aukr | ||
| 080 | _a908 | ||
| 090 | _a908 | ||
| 100 |
_aЛарькіна Л. М. _93488 |
||
| 245 |
_aНормативно-правове регулювання створення комісії сприяння за дотриманням законодавства про релігійні культи на Волині (1961–1966 рр.) _cЛарькіна Л. М. |
||
| 300 | _aС. 316–321 | ||
| 650 | _2UDC | ||
| 773 | 0 |
_0576379 _9472590 _aМіністерство освіти і науки, молоді та спорту України _dРівне О. Зень 2011 _o167459 _tАктуальні проблеми вітчизняної та всесвітньої історії _z9786176010159 |
|
| 942 |
_2udc _cBKA |
||
| 999 |
_c576699 _d576699 |
||